Detalles MARC
| 000 -CABECERA |
| campo de control de longitud fija |
01127nam a2200241 a 4500 |
| 001 - NÚMERO DE CONTROL |
| campo de control |
000040988 |
| 005 - FECHA Y HORA DE LA ÚLTIMA TRANSACCIÓN |
| campo de control |
20240402134028.0 |
| 008 - DATOS DE LONGITUD FIJA--INFORMACIÓN GENERAL |
| campo de control de longitud fija |
090715s2009 dr 001 0 spa d |
| 040 ## - FUENTE DE LA CATALOGACIÓN |
| Centro catalogador/agencia de origen |
DO-SdBNP |
| Lengua de catalogación |
spa |
| Centro/agencia transcriptor |
BNPHU |
| 082 ## - NÚMERO DE LA CLASIFICACIÓN DECIMAL DEWEY |
| Número de clasificación |
xxx |
| Número de documento/Ítem |
xx |
| 110 1# - ENTRADA PRINCIPAL--NOMBRE DE ENTIDAD CORPORATIVA |
| Nombre de entidad corporativa o nombre de jurisdicción como elemento de entrada |
República Dominicana |
| 9 (RLIN) |
447 |
| 240 10 - TÍTULO UNIFORME |
| Título uniforme |
[Leyes, etc.] |
| 245 10 - MENCIÓN DE TÍTULO |
| Título |
Código penal de la República Dominicana : |
| Resto del título |
actualizada, ampliada y revisado con el de la Suprema adaptado para estudios comparativo, modificado por las leyes 224-84; 24-97; 46-99; 36-00 y 12-07 / |
| Mención de responsabilidad, etc. |
compiladores Trajano Vidal Potentini, Juan Pablo Acosta. |
| 246 12 - FORMA VARIANTE DE TÍTULO |
| Título propio/Titulo breve |
Código penal de la República Dominicana |
| Resto del título |
actualizado y adaptado para estudios comparativos modificado con las leyes 712-27; 224-84; 24-97; 46-99; 36-2000 |
| 250 ## - MENCIÓN DE EDICIÓN |
| Mención de edición |
7a. ed. |
| 260 ## - PUBLICACIÓN, DISTRIBUCIÓN, ETC. |
| Lugar de publicación, distribución, etc. |
Moca, República Dominicana : |
| Nombre del editor, distribuidor, etc. |
Dalis, |
| Fecha de publicación, distribución, etc. |
2009. |
| 300 ## - DESCRIPCIÓN FÍSICA |
| Extensión |
254 p. : ; |
| Dimensiones |
15 cm. |
| 500 ## - NOTA GENERAL |
| Nota general |
Incluye índice temático |
| 500 ## - NOTA GENERAL |
| Nota general |
Incluye notas al pie de las páginas |
| 500 ## - NOTA GENERAL |
| Nota general |
La biblioteca posee la reimpresión del 2013 |
| 700 12 - PUNTO DE ACCESO ADICIONAL--NOMBRE DE PERSONA |
| Nombre de persona |
Potentini Adames, Trajano Vidal |
| Término indicativo de función/relación |
comp. |
| 9 (RLIN) |
73577 |
| 700 12 - PUNTO DE ACCESO ADICIONAL--NOMBRE DE PERSONA |
| Nombre de persona |
Acosta, Juan Pablo |
| Término indicativo de función/relación |
compl |
| 9 (RLIN) |
11716 |